| 000 | 00469nam a2200181Ia 4500 | ||
|---|---|---|---|
| 001 | 72630 | ||
| 008 | 160428s9999 xx 000 0 und d | ||
| 020 | _a9788132109686 | ||
| 040 | _cPK-LaUMT | ||
| 082 |
_a 954.035092 _bNAT-A |
||
| 100 | _aNatarajan, Nalini | ||
| 245 |
_aAtlantic Gandhi / _bthe Mahamata overses _cNatarajan, Nalini |
||
| 260 |
_aLos Angles: _bSage, _c2013 |
||
| 300 | _a248 p. | ||
| 546 | _aEN | ||
| 650 | _aStatesmen-India-Biography | ||
| 942 | _cBK | ||
| 999 |
_c85641 _d85641 |
||